| 000 | 00614nam a2200229 a 4500 | ||
|---|---|---|---|
| 001 | BRCA_6319 | ||
| 005 | 20190320205418.0 | ||
| 008 | 080811s1905----gw-ad#####---#000-0#ger-# | ||
| 041 | _ager | ||
| 044 | _agw | ||
| 050 | 4 |
_aQA551 _b.Z48 1905 |
|
| 245 | 1 | 0 |
_aEbene und räumliche Geometrie _cR. Ed. Zetzsche |
| 250 | _a4 | ||
| 260 |
_aLeipzig, Alemania _bWeber _c1905 |
||
| 300 |
_a408 p. _bil. _c17 cm. |
||
| 440 | 0 |
_aWebers illustrierte Katechismen _v69 _915853 |
|
| 500 | _aK180 | ||
| 650 | 1 | 4 |
_aGeometría analítica del espacio _915854 |
| 650 | 1 | 4 |
_aGeometría plana _915855 |
| 902 | _aGFM | ||
| 942 |
_2lcc _cB |
||
| 999 |
_c6005 _d6005 |
||